Normal view
MARC view
- Burbary, Ken,
Entry Personal Name
001 - CONTROL NUMBER
- control field: 14677
003 - CONTROL NUMBER IDENTIFIER
- control field: NUST
005 - DATE AND TIME OF LATEST TRANSACTION
- control field: 20190531051636.0
008 - FIXED-LENGTH DATA ELEMENTS
- fixed length control field: 190531|| aca||aabn | a|a d
040 ## - CATALOGING SOURCE
- Original cataloging agency: NUST
- Transcribing agency: NUST
100 ## - HEADING--PERSONAL NAME
- Personal name: Burbary, Ken,
- Relator term: author.
670 ## - SOURCE DATA FOUND
- Source citation: Work cat.: (NUST)0: Hemann, Chuck, author. 14673, Digital marketing analytics :
